[Event "Challenge"]
[Site "http://www.queenalice.com/game.php?id=1829180"]
[Date "2024.1.12"]
[Round "-"]
[White "simonjscott"]
[Black "PaulMSains"]
[Result "1-0"]
[WhiteElo "2208"]
[BlackElo "2002"]

1. Nf3 Nf6 2. g3 g6 3. Bg2 Bg7 4. O-O O-O 5. c4 d6 6. Nc3 e5 7. d3 Nc6 8. Rb1
Bd7 9. b4 a6 10. Bg5 Qc8 11. Qd2 Bh3 12. Bxf6 Bxg2 13. Bxg7 Bxf1 14. Bxf8 Bxe2
15. Qxe2 Qxf8 16. Nd5 Rc8 17. Qe3 b6 18. h4 f5 19. Qg5 Kg7 20. h5 b5 21. Kg2
bxc4 22. dxc4 Qf7 23. Rh1 Rh8 24. Nh4 Nd4 25. hxg6 hxg6 26. Nxg6 Ne6 27. Qe7
Rxh1 28. Qxf7+ Kxf7 29. Nxe5+ dxe5 30. Kxh1 c6 31. Nc3 Ng5 32. Kg2 Ke6 33. a4
Kd6 34. f3 Ne6 35. Kf2 Nd4 36. g4 f4 37. Ne4+ Kc7 38. Nc5 Kb6 39. Nd7+ Kc7 40.
Nxe5 Kd6 41. Nd3 Ne6 42. Kg2 Ke7 43. Nc5 Nxc5 44. bxc5 Kf6 45. Kf2 Ke5 46. Ke2
Kd4 47. g5 Ke5 48. Kd3 a5 49. g6 Kf6 50. Ke4 Kxg6 51. Kxf4 Kf6 52. Ke4 Ke6 53.
f4 Kf6 54. f5 Ke7 55. Ke5 Kd7 56. Kf6 1-0

[Event "Challenge"]
[Site "http://www.queenalice.com/game.php?id=1829323"]
[Date "2024.1.15"]
[Round "-"]
[White "PaulMSains"]
[Black "simonjscott"]
[Result "0-1"]
[WhiteElo "2010"]
[BlackElo "2202"]

1. e4 e5 2. Nf3 Nf6 3. Nc3 Nc6 4. Bc4 Nxe4 5. Bxf7+ Kxf7 6. Nxe4 d5 7. Ng3 e4 8.
Ng1 Qh4 9. Qh5+ Qxh5 10. Nxh5 Bd6 11. d3 Re8 12. Ne2 exd3 13. cxd3 Bg4 14. Ng3
Bxg3 15. hxg3 Bxe2 16. Be3 Bxd3 17. Kd2 Bg6 18. Rac1 Re7 19. Rc5 Rd7 20. Rb5 b6
21. Rc1 a6 0-1

[Event "Challenge"]
[Site "http://www.queenalice.com/game.php?id=1829813"]
[Date "2024.1.20"]
[Round "-"]
[White "PaulMSains"]
[Black "simonjscott"]
[Result "0-1"]
[WhiteElo "1978"]
[BlackElo "2214"]

1. Nf3 Nf6 2. g3 g6 3. Bg2 Bg7 4. O-O O-O 5. c3 c5 6. d4 d6 7. dxc5 dxc5 8. Qxd8
Rxd8 9. Be3 Nbd7 10. Nbd2 Rb8 11. Rab1 b6 12. Rfd1 Ba6 13. c4 Bb7 14. Bf4 Rbc8
15. b3 Nh5 16. Be3 Nhf6 17. Nh4 Bxg2 18. Nxg2 Ne5 19. h3 Rd7 20. Bf4 Nc6 21. a3
e5 22. Bg5 Re8 23. e4 Red8 24. Rb2 h6 25. Bxf6 Bxf6 26. Kf1 Nd4 27. Re1 Bg7 28.
b4 Bf8 29. b5 f6 30. f4 Nxb5 31. Nb1 Nc7 32. fxe5 fxe5 33. Nc3 Rd3 34. Re3 Rxe3
35. Nxe3 Rd3 36. Kf2 Rxc3 0-1

[Event "Challenge"]
[Site "http://www.queenalice.com/game.php?id=1830030"]
[Date "2024.1.24"]
[Round "-"]
[White "simonjscott"]
[Black "PaulMSains"]
[Result "1-0"]
[WhiteElo "2219"]
[BlackElo "1964"]

1. Nf3 d5 2. g3 Nf6 3. Bg2 e6 4. O-O Bc5 5. d4 Bd6 6. c4 dxc4 7. Qa4+ Bd7 8.
Qxc4 Nc6 9. Nc3 a6 10. Bg5 Be7 11. Rac1 O-O 12. Rfd1 Na5 13. Qd3 h6 14. Bxf6
Bxf6 15. e3 Nc6 16. Ne4 Be7 17. Nc5 Rb8 18. a3 Bc8 19. Ne5 Nxe5 20. dxe5 Qxd3
21. Rxd3 Bxc5 22. Rxc5 c6 23. Rc2 f6 24. Bh3 fxe5 25. e4 Kh7 26. Rc5 Rf6 27.
Rxe5 Rf8 28. Kg2 Re8 29. f4 g6 30. Rd6 Re7 31. Bxe6 Bxe6 32. Rdxe6 Rxe6 33. Rxe6
Kg7 34. f5 gxf5 35. exf5 h5 36. h3 a5 37. Kf3 Rf8 38. Kf4 Kf7 39. Rh6 Ke7 40.
Rxh5 Kd6 41. g4 Kc5 42. f6+ Kb6 43. g5 c5 44. Kf5 Kb5 45. g6 Rd8 46. g7 1-0

[Event "Challenge"]
[Site "http://www.queenalice.com/game.php?id=1830286"]
[Date "2024.1.26"]
[Round "-"]
[White "PaulMSains"]
[Black "simonjscott"]
[Result "0-1"]
[WhiteElo "1958"]
[BlackElo "2223"]

1. e4 e5 2. Nf3 Nf6 3. Nc3 Nc6 4. Be2 Be7 5. O-O O-O 6. d3 d5 7. exd5 Nxd5 8.
Nxd5 Qxd5 9. c4 Qd8 10. Be3 Bf5 11. a3 Bg6 12. b4 a6 13. d4 exd4 14. Nxd4 Nxd4
15. Bxd4 Bf6 16. Bxf6 Qxf6 17. Bf3 Rad8 18. Qb3 c6 19. Rad1 h6 20. b5 axb5 21.
cxb5 cxb5 22. Rxd8 Rxd8 23. Bxb7 Qb6 24. Bd5 Qc5 25. Bf3 Rd3 26. Qb4 Qxb4 27.
axb4 Rb3 28. Bd5 Rxb4 29. f4 Bd3 30. Rf3 Rb1+ 31. Kf2 Rf1+ 32. Ke3 Rxf3+ 33.
gxf3 Bf5 34. Be4 Be6 35. Kd4 f6 36. Kc5 Bc4 37. Bd5+ Bxd5 38. Kxd5 Kf7 39. f5
Ke7 40. f4 b4 41. Kc4 Kd6 42. Kxb4 Kd5 43. Kb5 Ke4 44. Kc6 Kxf5 45. Kd7 Kxf4 46.
Ke6 Ke4 47. Kf7 f5 0-1

[Event "Challenge"]
[Site "http://www.queenalice.com/game.php?id=1830717"]
[Date "2024.2.1"]
[Round "-"]
[White "simonjscott"]
[Black "PaulMSains"]
[Result "1-0"]
[WhiteElo "2227"]
[BlackElo "1953"]

1. Nf3 Nf6 2. g3 g6 3. Bg2 Nc6 4. O-O b6 5. c4 Bb7 6. Nc3 Bg7 7. d4 d5 8. Bg5
O-O 9. Rc1 Na5 10. cxd5 Nxd5 11. e4 Nxc3 12. bxc3 Bxe4 13. Re1 Bxf3 14. Bxf3 f6
15. Bxa8 fxg5 16. Bg2 Rf7 17. Qa4 Qf8 18. Bd5 1-0

[Event "Challenge"]
[Site "http://www.queenalice.com/game.php?id=1830941"]
[Date "2024.2.6"]
[Round "-"]
[White "PaulMSains"]
[Black "simonjscott"]
[Result "0-1"]
[WhiteElo "1959"]
[BlackElo "2223"]

1. Nf3 Nf6 2. g3 g6 3. Bg2 Bg7 4. O-O O-O 5. c4 d6 6. Nc3 e5 7. d3 Nc6 8. Bg5
Ne7 9. e4 Bg4 10. h3 Be6 11. Qd2 Qd7 12. h4 Rfe8 13. Bh6 Bh8 14. Ng5 Nc6 15. Ne2
Ng4 16. Nxe6 Nxh6 17. Nxc7 Qxc7 18. Qxh6 Bg7 19. Qd2 Qd7 20. Kh2 f5 21. f3 Qf7
22. b4 Rf8 23. b5 Ne7 24. exf5 Nxf5 25. Rab1 Qf6 26. f4 Rae8 27. Nc3 Nd4 28.
fxe5 Qxe5 29. Rxf8+ Rxf8 30. Bxb7 Nf3+ 31. Bxf3 Rxf3 32. Ne4 d5 33. cxd5 Qxd5
34. Rb3 Be5 35. Qe2 Qf7 36. Kg2 Rf5 37. Ng5 Qd5+ 38. Ne4 Bd4 39. Kh3 Qd7 40. Qg4
Qd5 41. Rb4 Bc5 42. Rb3 Kg7 43. Qe2 Bd4 44. Ra3 Bb6 45. Qg2 Bd4 46. Nc3 Qd7 47.
g4 Rf2 48. Qd5 Rf7 49. Qxd7 Rxd7 50. Ne2 Bb6 51. Rb3 Re7 52. Ng3 Re3 53. Kg2 Re5
54. Ne4 Rd5 55. Kf3 h6 56. Ke2 Rd4 57. h5 g5 58. a3 Kf7 59. Rb4 Rxb4 60. axb4
Bc7 61. Kd2 Ke6 62. Kc3 Ke5 63. Nc5 Bd6 64. Ne4 Be7 65. Kc4 Kf4 66. Kd5 Kxg4 67.
Kc6 Kxh5 68. Kb7 Bxb4 69. Kxa7 Ba5 70. b6 Kg6 71. b7 Bc7 72. Ka6 Kf5 73. Nc5 g4
74. Ne4 g3 75. Nxg3+ Bxg3 76. Kb5 h5 77. d4 Ke6 78. Kc6 h4 79. d5+ Ke7 0-1

[Event "Challenge"]
[Site "http://www.queenalice.com/game.php?id=1831032"]
[Date "2024.2.7"]
[Round "-"]
[White "simonjscott"]
[Black "PaulMSains"]
[Result "1/2-1/2"]
[WhiteElo "2231"]
[BlackElo "1948"]

1. Nf3 Nc6 2. e4 e5 3. d4 exd4 4. Bc4 Bb4+ 5. c3 dxc3 6. bxc3 Bc5 7. Bxf7+ Kxf7
8. Qd5+ Ke8 9. Qxc5 d6 10. Qc4 h6 11. O-O Qf6 12. Bb2 Qg6 13. Nbd2 Be6 14. Qb5
Rb8 15. Rfe1 Ne7 16. c4 Bd7 17. Qb3 Rf8 18. Qc3 Kf7 19. Nh4 Qf6 20. Qxf6+ gxf6
21. Re3 Ne5 22. f3 Rg8 23. Kf2 b5 24. c5 dxc5 25. Bxe5 fxe5 26. Nb3 c4 27. Nc5
Bc8 28. Ra3 Ra8 29. Rb1 c6 30. g3 Ng6 31. Nf5 Bxf5 32. exf5 Ne7 33. g4 Rgd8 34.
Re1 Rd5 35. Ne6 Rd2+ 36. Re2 Rxe2+ 37. Kxe2 a5 38. Re3 Kf6 39. Re4 Nd5 40. Kd2
c3+ 41. Kc2 Nb4+ 42. Kxc3 Nxa2+ 43. Kb3 Nb4 44. Nc5 Nd5 45. Nd7+ Kg5 46. Nxe5
a4+ 47. Kc2 a3 48. Re1 a2 49. Ra1 Nb4+ 50. Kb3 Ra4 51. h4+ Kf4 52. Nd7 Nd5 53.
f6 Nxf6 54. Nxf6 Kxf3 55. Rxa2 Rc4 56. Rc2 Rxc2 57. Kxc2 Kf4 58. Kc3 c5 59. g5
hxg5 60. hxg5 Kxg5 61. Ne4+ Kf5 1/2-1/2

[Event "Challenge"]
[Site "http://www.queenalice.com/game.php?id=1831915"]
[Date "2024.2.19"]
[Round "-"]
[White "simonjscott"]
[Black "PaulMSains"]
[Result "1/2-1/2"]
[WhiteElo "2227"]
[BlackElo "1954"]

1. Nf3 Nf6 2. g3 g6 3. Bg2 Bg7 4. O-O O-O 5. c4 Nc6 6. d3 d5 7. d4 dxc4 8. Nc3
Re8 9. e4 e5 10. d5 Na5 11. Qa4 b6 12. Bg5 Qd7 13. Qb5 c6 14. dxc6 Nxc6 15. Qxc4
Bb7 16. Rad1 Qe6 17. Qxe6 Rxe6 18. a3 Ree8 19. Rd2 Rad8 20. Rfd1 Rxd2 21. Rxd2
h6 22. Bxf6 Bxf6 23. Nd5 Bg7 24. Bf1 Nd4 25. Nxd4 exd4 26. Bg2 Bxd5 27. exd5 f5
28. b4 Kf7 29. Rc2 Re7 30. d6 Re1+ 31. Bf1 Ke6 32. Re2+ Rxe2 33. Bxe2 Kxd6 34.
Bd3 Kc6 35. Kf1 b5 36. Ke2 Kb6 37. Kd2 Bf8 38. Kc2 a5 39. Kb3 a4+ 40. Kc2 h5 41.
h4 Bd6 42. f4 Kc6 1/2-1/2

[Event "Challenge"]
[Site "http://www.queenalice.com/game.php?id=1832012"]
[Date "2024.2.22"]
[Round "-"]
[White "PaulMSains"]
[Black "simonjscott"]
[Result "0-1"]
[WhiteElo "1965"]
[BlackElo "2219"]

1. c4 e5 2. Nc3 Nf6 3. e3 Nc6 4. Nf3 Bb4 5. Qc2 O-O 6. Be2 d6 7. O-O Re8 8. h3
Bxc3 9. bxc3 h6 10. Bb2 Be6 11. d3 Qd7 12. Kh2 Ne7 13. Ng1 Ng6 14. g3 Nh7 15. d4
Ng5 16. Bh5 Bf5 17. Qe2 Bxh3 18. Rfe1 Bf5 19. g4 Be4 20. f3 Bc6 21. Bxg6 fxg6
22. a4 Qf7 23. d5 Bd7 24. Qg2 Rf8 25. Rf1 Qf6 26. f4 Nh7 27. Nh3 Qh4 28. Rg1
exf4 29. exf4 Rxf4 30. Qe2 Re8 31. Qd3 Rxg4 32. Rxg4 Bxg4 33. Rg1 Ng5 34. Rg3
Re2+ 0-1

[Event "Challenge"]
[Site "http://www.queenalice.com/game.php?id=1832335"]
[Date "2024.2.25"]
[Round "-"]
[White "simonjscott"]
[Black "PaulMSains"]
[Result "1-0"]
[WhiteElo "2215"]
[BlackElo "1970"]

1. Nf3 Nf6 2. g3 g6 3. Bg2 Bg7 4. O-O O-O 5. d3 d5 6. Nbd2 c6 7. Nb3 Bg4 8. Ne5
Qd6 9. Bf4 Qb4 10. c3 Qb6 11. Qd2 Nbd7 12. Nxg4 Nxg4 13. h3 Ngf6 14. Bh6 Ne8 15.
Be3 Qc7 16. Nd4 e5 17. Nb3 a5 18. a4 Nef6 19. Nc5 Nxc5 20. Bxc5 Rfe8 21. Rfe1 b6
22. Be3 Rad8 23. Bg5 e4 24. Bf4 Qa7 25. d4 Nh5 26. Bh6 f5 27. Bxg7 Qxg7 28. e3
Nf6 29. Qe2 Rb8 30. Qa6 Re7 31. Bf1 Ra7 32. Qe2 b5 33. axb5 cxb5 34. Qc2 Qb7 35.
Rec1 Nd7 36. Qb3 Kg7 37. Qa3 Nf6 38. Be2 Rba8 39. Qb3 b4 40. c4 a4 41. Qd1 Kf7
42. c5 Qc6 43. Qd2 b3 44. Ra3 Rb8 45. Rca1 Ne8 46. Bd1 Qd7 47. Qc3 Ke6 48. c6
Qc7 49. Rxa4 Rxa4 50. Rxa4 Kd6 51. Qc5+ Ke6 52. Ra7 Qd6 53. c7 Rc8 54. Qxd6+
Kxd6 55. Bxb3 Nxc7 56. Ba4 Ra8 57. Rxa8 Nxa8 58. b3 Kc7 59. Kf1 Kb6 60. Ke2 Ka5
61. Kd2 Kb4 62. Kc2 Nc7 63. Kb2 h6 64. h4 g5 65. hxg5 hxg5 66. Bd7 f4 67. gxf4
gxf4 68. exf4 Na8 69. f5 Nb6 70. Be6 Na8 71. Bxd5 1-0

[Event "Challenge"]
[Site "http://www.queenalice.com/game.php?id=1832352"]
[Date "2024.2.26"]
[Round "-"]
[White "PaulMSains"]
[Black "simonjscott"]
[Result "1/2-1/2"]
[WhiteElo "1959"]
[BlackElo "2223"]

1. e4 e5 2. Nf3 Nf6 3. d3 Nc6 4. Be2 d5 5. Bg5 Bb4+ 6. c3 Be7 7. O-O O-O 8. Nbd2
h6 9. Bh4 Be6 10. h3 Re8 11. Re1 Nh7 12. Bxe7 Qxe7 13. Nh2 Rad8 14. Qc2 d4 15.
c4 a6 16. a3 Qg5 17. Bg4 Bxg4 18. Nxg4 Re6 19. Nf3 Qf4 20. Qd2 Qxd2 21. Nxd2 Rg6
22. Nf3 Re8 23. Nh4 Rge6 24. b4 Ne7 25. g3 Ng5 26. Kg2 Ng6 27. Nf5 Ne7 28. Nh4
Ng6 29. Nf5 Ne7 1/2-1/2

[Event "Challenge"]
[Site "http://www.queenalice.com/game.php?id=1832625"]
[Date "2024.3.2"]
[Round "-"]
[White "PaulMSains"]
[Black "simonjscott"]
[Result "0-1"]
[WhiteElo "1964"]
[BlackElo "2220"]

1. e4 e5 2. Nf3 Nf6 3. d3 Nc6 4. Be2 d5 5. Bg5 dxe4 6. dxe4 Qxd1+ 7. Bxd1 Nxe4
8. Be3 Bb4+ 9. c3 Bc5 10. Bxc5 Nxc5 11. Nbd2 O-O 12. Bc2 f6 13. b4 Ne6 14. O-O
Nf4 15. Rfe1 Be6 16. a4 Rad8 17. Be4 Bd5 18. h4 Ne7 19. c4 Bxe4 20. Nxe4 Nd3 21.
Reb1 Rd7 22. Rb3 Rfd8 23. Raa3 b6 24. Kf1 Kf7 25. g3 Kg6 26. Rc3 Nxb4 27. Ke2 c5
28. g4 Nec6 29. h5+ Kf7 30. Nh4 Rd4 31. Ke3 Na5 32. Nf5 g6 33. hxg6+ hxg6 34.
Nfd6+ Ke6 35. Nb5 Nxc4+ 36. Kf3 Nxa3 37. Nxd4+ exd4 38. Rxa3 d3 39. Nd2 Ke5 40.
Ke3 Nc2+ 0-1

[Event "Challenge"]
[Site "http://www.queenalice.com/game.php?id=1833056"]
[Date "2024.3.9"]
[Round "-"]
[White "simonjscott"]
[Black "PaulMSains"]
[Result "1-0"]
[WhiteElo "2229"]
[BlackElo "1959"]

1. Nf3 Nf6 2. g3 g6 3. Bg2 Bg7 4. O-O O-O 5. c4 d5 6. cxd5 Nxd5 7. Nc3 Nxc3 8.
dxc3 Qxd1 9. Rxd1 Nc6 10. Be3 Bg4 11. h3 Bxf3 12. Bxf3 a6 13. Bxc6 bxc6 14. Rd7
Rab8 15. Rxe7 Rxb2 16. Bd4 Bxd4 17. cxd4 Rc8 18. Kg2 Kf8 19. Re5 Rd8 20. e3 Rd5
21. Re4 Ra5 22. a3 Rb3 23. Rc1 Rb6 24. Rc3 h5 25. h4 Rd5 26. Kf3 Rf5+ 27. Ke2
Rb2+ 28. Kd3 Rfxf2 29. Rxc6 Rfd2+ 30. Kc4 Rdc2+ 31. Kd5 Rxc6 32. Kxc6 Rc2+ 33.
Kb7 Ra2 34. Kxa6 Rxa3+ 35. Kb7 Rc3 36. Kc8 c5 37. dxc5 Rxc5+ 38. Kd7 Rf5 39. Rf4
Rxf4 40. exf4 Kg7 41. Ke7 Kg8 42. Kf6 Kf8 43. f5 gxf5 44. Kxf5 Kg7 45. Kg5 f6+
46. Kxh5 Kf7 47. Kg4 Kg6 48. Kf4 Kg7 49. Kf5 Kf7 50. h5 Kg7 51. g4 1-0

[Event "Challenge"]
[Site "http://www.queenalice.com/game.php?id=1833077"]
[Date "2024.3.9"]
[Round "-"]
[White "PaulMSains"]
[Black "simonjscott"]
[Result "0-1"]
[WhiteElo "1983"]
[BlackElo "2224"]

1. g3 e5 2. Bg2 d5 3. e4 d4 4. Nf3 Nc6 5. d3 Nf6 6. Bg5 Be7 7. O-O O-O 8. Nbd2
Be6 9. c3 dxc3 10. bxc3 Qxd3 11. Qc1 Nxe4 12. Bxe7 Nxe7 13. Nxe5 Qxd2 14. Bxe4
Qxc1 15. Rfxc1 c6 16. a4 Rad8 17. Rab1 Bc8 18. Bg2 f6 19. Nf3 Ng6 20. h3 Rfe8
21. Nh2 Rd2 22. Rf1 Ra2 23. Rb4 Rc2 24. Rc4 Ree2 25. Rd4 Be6 26. Rd3 Ra2 27. Rd4
Reb2 28. Be4 Bxh3 29. Bg2 Be6 30. Ng4 Kf7 31. Ne3 c5 32. Re4 Ne5 33. Nd1 Rc2 34.
Rf4 b6 35. Be4 Rd2 36. Kg2 h6 37. Bf5 Bb3 38. Re1 Bxd1 39. Rxe5 fxe5 0-1

[Event "Challenge"]
[Site "http://www.queenalice.com/game.php?id=1833688"]
[Date "2024.3.17"]
[Round "-"]
[White "PaulMSains"]
[Black "simonjscott"]
[Result "0-1"]
[WhiteElo "1939"]
[BlackElo "2233"]

1. Nf3 Nf6 2. g3 g6 3. Bg2 Bg7 4. O-O O-O 5. d3 c5 6. c4 Nc6 7. Nc3 d6 8. Bd2 a6
9. a3 Bd7 10. e3 Bf5 11. e4 Bg4 12. h3 Be6 13. Ne2 Qc8 14. Ng5 Bd7 15. Kh2 h6
16. Nf3 Kh7 17. Nf4 g5 18. Nd5 Nxd5 19. exd5 Nd4 20. Nxd4 Bxd4 21. Bxg5 hxg5 22.
Qh5+ Kg8 23. Be4 f5 24. Qxg5+ Bg7 25. Bf3 Rf6 26. Rae1 Qf8 27. Bh5 Kh7 28. Qh4
Bh6 29. f4 Be8 30. g4 fxg4 31. Bxg4 Bg6 32. f5 Bf7 33. Bd1 b5 34. Bc2 Bg8 35. b3
Re8 36. Rf2 Kh8 37. Re6 Bxe6 38. dxe6 Qg7 39. Rg2 Qh7 40. d4 Be3 41. Qe4 Bxd4
42. Rg6 Rg8 43. Rxf6 Bxf6 44. cxb5 Be5+ 0-1

[Event "Challenge"]
[Site "http://www.queenalice.com/game.php?id=1833759"]
[Date "2024.3.18"]
[Round "-"]
[White "simonjscott"]
[Black "PaulMSains"]
[Result "1-0"]
[WhiteElo "2236"]
[BlackElo "1923"]

1. Nf3 Nf6 2. g3 g6 3. Bg2 Bg7 4. O-O O-O 5. c4 c5 6. Nc3 Nc6 7. d4 cxd4 8. Nxd4
Nxd4 9. Qxd4 d6 10. Qd3 Rb8 11. Rb1 Bd7 12. Be3 b6 13. Nd5 Nxd5 14. Qxd5 Be6 15.
Qb5 a6 16. Qxa6 Qc7 17. b3 Bc8 18. Qa3 b5 19. Rfc1 Qd7 20. Qa7 Bb7 21. Rc2 Qf5
22. Rbc1 Bxg2 23. Kxg2 Qe4+ 24. Kg1 Ra8 25. Qd7 bxc4 26. Rxc4 Qe6 27. Qxe6 fxe6
28. R1c2 Be5 29. f4 Bg7 30. Rc7 Bf6 31. Kg2 Rfe8 32. Bf2 e5 33. e4 exf4 34. gxf4
e5 35. fxe5 Bxe5 36. Rb7 Rab8 37. Ra7 h5 38. Rc4 Rf8 39. Bg3 Ra8 40. Rca4 Rxa7
41. Rxa7 Bd4 42. Ra6 Bc5 43. Bxd6 Rf2+ 44. Kg3 Rf6 45. Ra8+ 1-0

[Event "Challenge"]
[Site "http://www.queenalice.com/game.php?id=1834201"]
[Date "2024.3.26"]
[Round "-"]
[White "PaulMSains"]
[Black "simonjscott"]
[Result "0-1"]
[WhiteElo "1910"]
[BlackElo "2239"]

1. h4 e5 2. e3 d5 3. g3 Nf6 4. Bg2 Nc6 5. d4 e4 6. Bd2 Be7 7. Nc3 O-O 8. Bh3 a6
9. Bxc8 Qxc8 10. Qe2 Nb4 11. O-O-O c5 12. Kb1 cxd4 13. exd4 Qd7 14. Nh3 Rfc8 15.
a3 Nc6 16. Nf4 Nxd4 17. Qe3 Bc5 18. Qe1 b5 19. Be3 Nf3 20. Qe2 Bxe3 21. fxe3 Rc5
22. Na2 a5 23. Qg2 Rac8 24. c3 Ne5 25. h5 Qc6 26. h6 g6 27. Ne2 Nf3 28. Nd4 Nxd4
29. exd4 Rc4 30. Qd2 Qd6 31. Qf4 Qxf4 32. gxf4 Ng4 33. Rdf1 f5 34. Re1 Kf7 35.
Rh3 Re8 36. b3 Rc7 37. a4 bxa4 38. bxa4 Rb8+ 39. Kc2 Nf2 40. Rh2 Nd3 41. Rb1
Rxb1 42. Kxb1 Rb7+ 43. Ka1 Nxf4 44. Rc2 Ne6 45. Nc1 f4 46. Rf2 g5 47. Ne2 Kg6
48. Rh2 g4 49. Rg2 Kf5 50. Ng1 f3 51. Rf2 e3 52. Rf1 Ke4 0-1

[Event "Challenge"]
[Site "http://www.queenalice.com/game.php?id=1834334"]
[Date "2024.3.28"]
[Round "-"]
[White "simonjscott"]
[Black "PaulMSains"]
[Result "1-0"]
[WhiteElo "2241"]
[BlackElo "1907"]

1. Nf3 d5 2. g3 e6 3. Bg2 Bd6 4. O-O Nf6 5. d3 h6 6. c4 c6 7. Nc3 O-O 8. e4 Bb4
9. e5 Nh7 10. cxd5 cxd5 11. d4 Nc6 12. a3 Bxc3 13. bxc3 Bd7 14. a4 a5 15. Ba3
Re8 16. Rb1 Qc8 17. Qb3 Rb8 18. Bd6 Ra8 19. Qxb7 Qxb7 20. Rxb7 Ra7 21. Rfb1 Bc8
22. Rc7 Rxc7 23. Bxc7 Bd7 24. Bf1 Ra8 25. Rb5 g5 26. Bd3 f5 27. Rb7 Ra7 28. Rxa7
Nxa7 29. Bb5 Bxb5 30. axb5 Nxb5 31. Bxa5 Nf8 32. Nd2 Nd7 33. Kf1 Nb8 34. Nb1 Nc6
35. Bb6 Kf7 36. Ke2 Kg6 37. Kd3 h5 38. c4 Nb4+ 39. Kd2 dxc4 40. Nc3 Nxd4 41.
Bxd4 Nc6 42. Nb5 f4 43. Kc3 Kf5 44. f3 Nxe5 45. Nd6+ Kf6 46. Nxc4 fxg3 47. Bxe5+
Kf5 48. hxg3 h4 49. g4+ Kg6 50. Ne3 Kh6 51. Kd4 Kg6 52. Kc5 Kf7 53. Kd6 h3 54.
Nc4 h2 55. Bxh2 Kf6 56. Be5+ Kf7 57. Kd7 1-0

[Event "Challenge"]
[Site "http://www.queenalice.com/game.php?id=1834619"]
[Date "2024.4.4"]
[Round "-"]
[White "PaulMSains"]
[Black "simonjscott"]
[Result "0-1"]
[WhiteElo "1904"]
[BlackElo "2243"]

1. c4 c5 2. Nc3 Nc6 3. e3 e5 4. Nf3 Nf6 5. Be2 d5 6. d4 cxd4 7. exd4 e4 8. Nd2
Be6 9. cxd5 Bxd5 10. Nxd5 Qxd5 11. Nb3 Bb4+ 12. Bd2 O-O 13. Bxb4 Nxb4 14. O-O
Rac8 15. a3 Nc2 16. Nc5 Nxa1 17. Qxa1 b6 18. Na4 Qxd4 19. Nc3 Rfe8 20. Rd1 Qe5
21. Nb5 Rc2 22. Nd4 e3 23. f4 Qxf4 24. Nxc2 Qf2+ 25. Kh1 Qxe2 26. Qc1 h6 27. Re1
Qd2 28. Qb1 e2 29. h3 Rd8 30. Kh2 Qf4+ 31. Kg1 Rd2 32. Nb4 Ne4 33. Nd3 Qe3+ 0-1

[Event "Challenge"]
[Site "http://www.queenalice.com/game.php?id=1834687"]
[Date "2024.4.7"]
[Round "-"]
[White "simonjscott"]
[Black "PaulMSains"]
[Result "1-0"]
[WhiteElo "2245"]
[BlackElo "1902"]

1. Nf3 Nf6 2. g3 g6 3. Bg2 Bg7 4. O-O O-O 5. c4 d5 6. cxd5 Nxd5 7. Nc3 Nxc3 8.
dxc3 Qxd1 9. Rxd1 Nc6 10. Be3 Be6 11. Ng5 Bc4 12. Kf1 Ba6 13. Rd7 Rac8 14. Bxc6
bxc6 15. Rxe7 Bf6 16. Rd7 Bxg5 17. Bxg5 c5 18. b3 Kg7 19. c4 h6 20. Be3 Bb7 21.
Bxc5 Rfe8 22. Bxa7 Kf6 23. Bb6 Re7 24. Rxe7 Kxe7 25. Be3 g5 26. Rd1 Ra8 27. Rd2
Be4 28. f3 Bb1 29. a3 Ke6 30. a4 Bg6 31. g4 f5 32. h3 f4 33. Bc5 Ra5 34. Bb4 Ra8
35. Ke1 Be8 36. Bc3 Kf7 37. Kd1 Rb8 38. Kc2 Ke6 39. Bg7 h5 40. Bh6 Kf6 41. Rd5
hxg4 42. hxg4 Bg6+ 43. Kc3 1-0

[Event "Challenge"]
[Site "http://www.queenalice.com/game.php?id=1834920"]
[Date "2024.4.10"]
[Round "-"]
[White "PaulMSains"]
[Black "simonjscott"]
[Result "0-1"]
[WhiteElo "1900"]
[BlackElo "2247"]

1. e4 e5 2. Nf3 Nf6 3. Nc3 Nc6 4. Bc4 Nxe4 5. Bxf7+ Kxf7 6. Nxe4 d5 7. Neg5+ Ke8
8. d3 h6 9. Nh3 Be7 10. Bd2 Bg4 11. Qe2 Qd6 12. O-O-O Kd7 13. Qe1 Rhf8 14. Nhg1
Rae8 15. h3 Be6 16. a3 Kc8 17. Ne2 a6 18. Kb1 Na7 19. Nc3 Bf6 20. Na2 Bg8 21.
Qe3 d4 22. Qe2 c5 23. b4 Qd5 24. Nc1 Nb5 25. Kb2 e4 26. Ne1 exd3 27. Qxd3 c4 28.
Qf3 c3+ 29. Ka1 Qxf3 0-1

[Event "Challenge"]
[Site "http://www.queenalice.com/game.php?id=1835163"]
[Date "2024.4.15"]
[Round "-"]
[White "simonjscott"]
[Black "PaulMSains"]
[Result "1-0"]
[WhiteElo "2249"]
[BlackElo "1898"]

1. Nf3 Nf6 2. g3 g6 3. Bg2 Bg7 4. O-O O-O 5. c4 d5 6. cxd5 Nxd5 7. Nc3 Be6 8.
Ng5 Nxc3 9. dxc3 c6 10. Nxe6 fxe6 11. Qb3 Qc8 12. Bh3 Kf7 13. Bg5 Bf6 14. Bh6
Rd8 15. Rad1 Rxd1 16. Rxd1 Nd7 17. Qxe6+ 1-0

[Event "Challenge"]
[Site "http://www.queenalice.com/game.php?id=1835188"]
[Date "2024.4.16"]
[Round "-"]
[White "PaulMSains"]
[Black "simonjscott"]
[Result "0-1"]
[WhiteElo "1896"]
[BlackElo "2250"]

1. Nf3 Nf6 2. g3 g6 3. Bg2 Bg7 4. O-O O-O 5. c4 c5 6. Nc3 Nc6 7. d3 d6 8. Bd2
Bd7 9. Re1 Re8 10. e4 Ne5 11. Nxe5 dxe5 12. Be3 b6 13. f4 Bg4 14. Qd2 exf4 15.
Bxf4 Qd4+ 16. Be3 Qd7 17. Bf4 e5 18. Bh6 Rad8 19. Bxg7 Kxg7 20. Re3 Be6 21. b3
Ng4 22. Rf3 f5 23. Nd5 Nf6 24. Nxf6 Kxf6 25. h4 Kg7 26. Re3 f4 27. gxf4 exf4 28.
Rf3 Qd4+ 0-1

[Event "Challenge"]
[Site "http://www.queenalice.com/game.php?id=1835346"]
[Date "2024.4.19"]
[Round "-"]
[White "simonjscott"]
[Black "PaulMSains"]
[Result "1-0"]
[WhiteElo "2251"]
[BlackElo "1894"]

1. Nf3 Nf6 2. g3 g6 3. Bg2 Bg7 4. O-O O-O 5. c4 c5 6. d4 d6 7. dxc5 dxc5 8. Nc3
Nc6 9. Be3 b6 10. Ne5 Nxe5 11. Bxa8 Nxc4 12. Bg2 Nxb2 13. Qb3 Nd3 14. Rfd1 Be6
15. Qb5 c4 16. exd3 Nd7 17. Rac1 cxd3 18. Qxd3 Qb8 19. Bf4 Be5 20. Bxe5 Nxe5 21.
Qd4 f6 22. Bd5 Kg7 23. Kg2 Bg4 24. Re1 h5 25. Be4 Rd8 26. Qb4 Kf7 27. h3 Be6 28.
f4 Nd3 29. Bxd3 Rxd3 30. Red1 Qb7+ 31. Qe4 Qxe4+ 32. Nxe4 Ra3 33. Rd2 Ra5 34.
Kf2 Bxh3 35. Rc7 Ke8 36. Rb7 Bf5 37. Nc3 Be6 38. Rb8+ Kf7 39. Re2 g5 40. fxg5
fxg5 41. Ne4 Rf5+ 42. Ke3 Kg6 43. Rb7 Bd5 44. Rxe7 a5 45. a3 h4 46. Rf2 Bxe4 47.
Rxe4 hxg3 48. Rg2 b5 49. Rxg3 Kh5 50. Reg4 Re5+ 51. Kd4 Rf5 52. Rg1 a4 53. Kc3
Rf3+ 54. Kb4 Rb3+ 55. Ka5 Rxa3 56. Rxg5+ Kh6 57. Rg8 Kh7 58. R8g2 Rh3 59. Kxb5
a3 60. Kb4 Kh6 61. Ra2 1-0